000 00618nam a22002052 4500
001 0000020115
005 20151217145922.0
008 110704s xx 000 0 eng d
020 _a0697284166 :
040 _aKABU
_cKABU
100 1 _aVan De Graaft, Ken.
_@0000180197
245 1 0 _aLaboratory manual to accompany Human anatomy. 5th edition /
_cKen Van De Graaft.
250 _a1st ed.
260 _aBoston :
_bMcGraw-Hill,
_c1998.
300 _axi, 308 p.
650 0 _aHuman anatomy.
_@0000155598
852 1 _9p200 KES
908 _a110704
950 _@1
999 _c4071
_d4071